| 000 | 00357nam a22001457a 4500 | ||
|---|---|---|---|
| 003 | OSt | ||
| 005 | 20160727222351.0 | ||
| 008 | 160622b xxu||||| |||| 00| 0 eng d | ||
| 040 | _ctest | ||
| 100 |
_9386 _aBledsoe, L, J |
||
| 245 |
_aBiology _bThe Kingom Of Life |
||
| 260 |
_aGlobe Book Comp. _c1989 |
||
| 300 | _aBiology : The Kingom Of Life | ||
| 942 |
_2ddc _cBK |
||
| 999 |
_c315 _d315 |
||